Monterrey : cosas poco conocidas acerca de este nombre y de su heráldica /

Estudio sobre los orígenes del nombre y del escudo de la ciudad de Monterrey, Nuevo León. Se abordan las diferentes variantes que ha tenido su denominación, así como el marco histórico en que éstos se han dado.

Na minha lista:
Detalhes bibliográficos
Autor principal: Pérez-Maldonado, Carlos (autor)
Formato: Livro
Idioma:espanhol
Assuntos:
Tags: Adicionar Tag
Sem tags, seja o primeiro a adicionar uma tag!

MARC

LEADER 00000nam^a2200000^a^4500
001 000124613
005 20250521000000.0
009 20260310094621.75
037 |a Acervo ITESO - Biblioteca 
041 |a ESP 
082 |a 972. 13203  |b PER 
100 |a Pérez-Maldonado, Carlos  |e (autor) 
245 1 0 |a Monterrey :  |b cosas poco conocidas acerca de este nombre y de su heráldica /  |c C. Pérez-Maldonado. 
264 |a lugar de publicación no identificado :  |b editorial no identificada,  |c fecha no identificada 
300 |a 63 p. 
336 |a texto  |b txt  |2 rdacontenido 
337 |a sin mediación  |b n  |2 rdamedio 
338 |a volumen  |b nc  |2 rdasoporte 
520 |a Estudio sobre los orígenes del nombre y del escudo de la ciudad de Monterrey, Nuevo León. Se abordan las diferentes variantes que ha tenido su denominación, así como el marco histórico en que éstos se han dado. 
649 |a XX 
650 |a Nombres Geográficos -  |z Monterrey, Nuevo León -  |x Historia -  |y Epoca Colonial, 1517-1821 
650 |a Heráldica -  |z Monterrey, Nuevo León -  |x Historia -  |y Epoca Colonial, 1517-1821 
650 |a Monterrey, Nuevo León -  |x Historia -  |y Epoca Colonial, 1517-1821 
650 |a Nuevo León -  |x Historia -  |y Epoca Colonial, 1517-1821 
650 |a México -  |x Historia -  |y Epoca Colonial, 1517-1821 
650 |a México -  |x Historia 
910 |a Fondo General 
920 |a Impresos - Libros 
930 |a Colección General 
905 |a 101 
901 |a 0500057872  |b IT1  |c ACC  |u 20250521 
902 |a https://opac.biblio.iteso.mx/vufind/Record/000124613